| 000 | 00414nam a22001697a 4500 | ||
|---|---|---|---|
| 020 | _a0435644297 | ||
| 082 | _a540.712 HOL | ||
| 100 | _aHolderness, A. | ||
| 245 | _aA New Certificate Chemistry | ||
| 250 | _a6th ed. | ||
| 260 |
_aUK _bHeinemann Educational _c1987 |
||
| 300 |
_avi, 554 p. _bill: |
||
| 500 | _aIncludes index. | ||
| 650 | _aChemistry | ||
| 700 | _aLambert, John and Thompson, J.J. | ||
| 942 | _cBK | ||
| 999 |
_c13216 _d13216 |
||